[Event "XX Feria de las Flores 2013"]
[Site "Medellin COL"]
[Date "2013.08.06"]
[Round "7.3"]
[White "Alzate,D"]
[Black "Barrientos,S"]
[Result "0-1"]
[WhiteElo "2357"]
[BlackElo "2475"]

1.d4 Nf6 2.Nf3 e6 3.c4 Bb4+ 4.Bd2 a5 5.g3 d6 6.Bg2 Nbd7 7.O-O e5 8.Be3 exd4
9.Bxd4 O-O 10.Nc3 Bc5 11.Qc2 Re8 12.Rad1 Bxd4 13.Nxd4 Nc5 14.b3 c6 15.Rd2 Qb6
16.Rfd1 h6 17.a3 Bg4 18.Rb1 Bh5 19.Nf5 Bg6 20.Rxd6 Re5 21.Rxf6 gxf6 22.Bh3 Ne6
23.Ne7+ Kg7 24.Nxg6 fxg6 25.e3 Rd8 26.Ne2 Nf8 27.Nf4 Qc7 28.c5 Qf7 29.b4 axb4
30.axb4 g5 31.Ne2 Qh5 32.Bg2 Ne6 33.h3 Qg6 34.e4 Nc7 35.g4 Nb5 36.Ng3 Na3
37.Qa2 Nxb1 38.Qxb1 Red5 39.Bf1 Rd2 40.Qa1 Kf8 41.Qc3 Qf7 42.Nf5 Qe6 43.Nxh6 Qe5
44.Qb3 Kg7 45.Nf5+ Kh8 46.Nh6 Qf4 47.Qg3 Qxg3+ 48.fxg3 R8d4  0-1

[Event "100th ch-GBR 2013"]
[Site "Torquay ENG"]
[Date "2013.08.07"]
[Round "9.35"]
[White "Girdlestone,P"]
[Black "Jones,Steven A"]
[Result "1-0"]
[WhiteElo "2155"]
[BlackElo "2033"]

1.d4 Nf6 2.c4 e6 3.Nf3 Bb4+ 4.Bd2 Qe7 5.a3 Bxd2+ 6.Qxd2 d6 7.g3 O-O 8.Bg2 e5
9.Nc3 c6 10.O-O Re8 11.Ne1 e4 12.Nc2 Bf5 13.Qf4 Bg6 14.g4 h5 15.h3 hxg4 16.hxg4 Nbd7
17.Rfd1 a6 18.Ne3 Nf8 19.Rac1 Ne6 20.Qg3 Ng5 21.Qf4 Ne6 22.Qg3 Ng5 23.Qf4 Nd7
24.Kf1 Rf8 25.Nf5 Bxf5 26.gxf5 Rae8 27.e3 g6 28.Ke2 gxf5 29.Bh3 f6 30.Bxf5 Rf7
31.Bg6 Rg7 32.Bxe8 Qxe8 33.Rh1 Qe7 34.Rcg1 Nf8 35.Rh6 Ng6 36.Qf5 Qf7 37.b3  1-0

[Event "XI Miguel Najdorf Open A 2013"]
[Site "Warsaw POL"]
[Date "2013.08.07"]
[Round "3.19"]
[White "Piotrowski,A"]
[Black "Eggink,R"]
[Result "1/2-1/2"]
[WhiteElo "1963"]
[BlackElo "2162"]

1.d4 Nf6 2.Nf3 e6 3.c4 Bb4+ 4.Bd2 a5 5.Bxb4 axb4 6.e3 b6 7.Nbd2 Bb7 8.Bd3 c5
9.e4 d6 10.d5 e5 11.O-O O-O 12.Ne1 Nbd7 13.Nc2 Ne8 14.Ne3 g6 15.Nb1 Ng7 16.g4 Qg5
17.Kh1 h5 18.Rg1 Nf6 19.Nd2 hxg4 20.Nxg4 Bc8 21.Be2 Nfh5 22.Ne3 Qh4 23.Qe1 Nf4
24.Ng2 Nxg2 25.Rxg2 Ne8 26.Bf3 Kg7 27.Qe3 Nf6 28.Qg5 Qxg5 29.Rxg5 Bd7 30.Rg3 Ra7
31.Be2 Rfa8 32.a3 Ne8 33.Rb3 Nc7 34.Rb1 bxa3 35.bxa3 Rxa3 36.Rxb6 Ra2 37.R6b2 Bh3
38.Nf3 Rxb2 39.Rxb2 Ra1+ 40.Ng1 Kf6 41.Rb3 Bf1 42.Bxf1 Rxf1 43.Kg2 Rc1 44.Rb7 Ne8
45.Rb8 Ke7 46.Rb7+ Kd8 47.Rxf7 Rxc4 48.f3 Rc2+ 49.Kg3 Rd2 50.Nh3 c4 51.Ng5 Nc7
52.Ne6+ Nxe6 53.dxe6 c3 54.Rd7+ Ke8 55.Rc7 c2 56.e7 g5 57.Kh3 Re2 58.Kg3 Rd2
59.Kh3 Rf2 60.Kg3 Re2 61.Kh3 g4+ 62.Kxg4 Rxh2 63.Kg3  1/2-1/2

[Event "Arad Open 2013"]
[Site "Arad ROU"]
[Date "2013.08.09"]
[Round "9.17"]
[White "Gilea,L"]
[Black "Marinescu,Mi"]
[Result "1/2-1/2"]
[WhiteElo "2296"]
[BlackElo "2169"]

1.d4 Nf6 2.c4 e6 3.Nf3 Bb4+ 4.Bd2 a5 5.a3 Be7 6.Nc3 d5 7.Bg5 O-O 8.e3 Ne4
9.Bxe7 Qxe7 10.Bd3 f5 11.O-O c6 12.Ne5 Nd7 13.Nxd7 Bxd7 14.f4 Kh8 15.Bxe4 fxe4
16.c5 g5 17.Qh5 gxf4 18.Qe5+ Kg8 19.Rxf4 Rxf4 20.Qxf4 Rf8 21.Qg3+ Qg7 22.Qxg7+ Kxg7
23.b4 Ra8 24.bxa5 Rxa5 25.a4 e5 26.Rb1 Bc8 27.Kf2 Kf6 28.Rb6 exd4 29.exd4 Ke7
30.Ke3 Kd7 31.Rb2 Ra8 32.h3 Kc7 33.Rf2 Be6 34.Rf6 Bg8 35.g4 b6 36.cxb6+ Kxb6
37.g5 Rc8 38.Nb5 Re8 39.h4 Be6 40.Nd6 Re7 41.Rf8 Rd7 42.Ne8 Ra7 43.Nf6 Rxa4
44.Nxh7 Ra3+ 45.Kf2 Ra2+ 46.Kg1 c5 47.Rf6 cxd4 48.Rxe6+ Kc5 49.Nf6 d3 50.Re5 Kc4
51.Kf1 Ra1+ 52.Kf2 Ra2+ 53.Ke1 Ra1+ 54.Kd2 Ra2+ 55.Ke1 Ra1+ 56.Kf2  1/2-1/2

[Event "XXIV Jozefa Kochana Mem"]
[Site "Koszalin POL"]
[Date "2013.08.11"]
[Round "3.3"]
[White "Ziemba,A"]
[Black "Voloshin,L"]
[Result "0-1"]
[WhiteElo "1667"]
[BlackElo "2420"]

1.d4 Nf6 2.c4 e6 3.Nf3 Bb4+ 4.Bd2 Qe7 5.g3 a5 6.Bg2 Bxd2+ 7.Qxd2 Qb4 8.Qxb4 axb4
9.e3 d6 10.O-O Bd7 11.Ne1 Bc6 12.Nd3 Bxg2 13.Kxg2 Nc6 14.a4 bxa3 15.Nxa3 Kd7
16.b4 Ne4 17.Rfd1 Ra4 18.Nc2 Rha8 19.f3 Ra2 20.Rxa2 Rxa2 21.Rc1 Nd2 22.b5 Nb3
23.bxc6+ bxc6 24.Nb4 Nxc1 25.Nxa2 Nxa2 26.c5 Kc8 27.e4 Kb7 28.cxd6 cxd6 29.Kf2 Kb6
30.Na3 d5 31.Ke3 Ka5 32.Kd3 Ka4 33.Nb1 Kb3 34.Nd2+ Kb2 35.f4 Nb4+ 36.Ke3 Kc3
37.Nb1+ Kc2 38.Nd2 f5 39.e5 h6 40.g4 g6 41.h3 Kc3 42.Nb1+ Kb2 43.Nd2 Kc2
44.h4 fxg4 45.h5 gxh5 46.f5 exf5 47.e6 Na6 48.Nf1 Nc7 49.e7 h4 50.Kf4 Kd3
51.Kxf5 g3 52.Kf4 g2  0-1

[Event "24th ch-NATO 2013"]
[Site "Rynia POL"]
[Date "2013.08.12"]
[Round "1.10"]
[White "Jauk,W"]
[Black "Graczyk,D"]
[Result "1-0"]
[WhiteElo "2172"]
[BlackElo "1991"]

1.d4 Nf6 2.Nf3 e6 3.c4 Bb4+ 4.Bd2 Bxd2+ 5.Nbxd2 O-O 6.e3 b6 7.Bd3 Bb7 8.O-O c5
9.Qe2 Nc6 10.Rfd1 Qe7 11.Rac1 d6 12.Bb1 Rfd8 13.Nf1 Rac8 14.b3 a5 15.h3 Ba6
16.Qb2 h6 17.Ng3 cxd4 18.Nxd4 Ne5 19.f4 Ned7 20.e4 Bb7 21.Re1 Nc5 22.Rcd1 Nfd7
23.Nb5 Nf8 24.Qf2 Bc6 25.Nd4 Bb7 26.Nh5 Kh8 27.g4 g6 28.Ng3 Qh4 29.Kh2 Qf6
30.Nb5 e5 31.Rf1 Kg7 32.f5 Bc6 33.Nc3 Nh7 34.Nd5 Bxd5 35.exd5 Rf8 36.Qc2 Qg5
37.Rf2 Nf6 38.Rdf1 Ncd7 39.Qe2 Rh8 40.fxg6 fxg6 41.Rg2 Rhf8 42.Nf5+ Kh7 43.Ne7 e4
44.Nxc8 Qe5+ 45.Kh1 Rxc8 46.Qe3 Rf8 47.Rgf2 Kg7 48.a3 Rf7 49.Bc2 Re7 50.b4 axb4
51.axb4 Re8 52.Ba4 Re7 53.Rf4 h5 54.g5 Qxg5 55.Bxd7 Rxd7 56.h4 Qh6 57.Qd4  1-0

[Event "3rd Split Open 2013"]
[Site "Split CRO"]
[Date "2013.08.13"]
[Round "4.4"]
[White "Bilobrk,F"]
[Black "Kurajica,B"]
[Result "1-0"]
[WhiteElo "2378"]
[BlackElo "2516"]

1.d4 Nf6 2.c4 e6 3.Nf3 Bb4+ 4.Bd2 Qe7 5.Nc3 b6 6.g3 Bb7 7.Bg2 O-O 8.O-O d6
9.Rc1 c5 10.Bg5 Bxc3 11.Rxc3 Nbd7 12.dxc5 Nxc5 13.Qd4 e5 14.Qh4 Nce4 15.Bxf6 Nxf6
16.Rd1 Rac8 17.Ne1 Rfd8 18.Rcd3 Ba6 19.b3 Rc5 20.R3d2 e4 21.Qf4 Re5 22.Rd4 b5
23.c5 d5 24.b4 e3 25.fxe3 g5 26.Qf1 Rxe3 27.R1d2 Bc8 28.Nc2 Re5 29.e4 Nxe4
30.Bxe4 Rxe4 31.Rxd5 Rxd5 32.Rxd5 Bb7 33.Rd2 a6 34.Qd3 Re1+ 35.Kf2 Rh1 36.Qd8+ Qxd8
37.Rxd8+ Kg7 38.Nd4 Be4 39.Ke3 f5 40.g4 Re1+ 41.Kf2 Rc1 42.gxf5 Rc3 43.Rd6 g4
44.Rxa6 h5 45.Re6 Bd5 46.Rd6 Bxa2 47.c6 Kf7 48.Nxb5 Rf3+ 49.Ke1  1-0

[Event "3rd Split Open 2013"]
[Site "Split CRO"]
[Date "2013.08.14"]
[Round "5.2"]
[White "Bilobrk,F"]
[Black "Drazic,S"]
[Result "0-1"]
[WhiteElo "2378"]
[BlackElo "2473"]

1.d4 Nf6 2.c4 e6 3.Nf3 Bb4+ 4.Bd2 c5 5.Bxb4 cxb4 6.a3 bxa3 7.Rxa3 b6 8.Nc3 O-O
9.e4 d6 10.Bd3 Nc6 11.d5 Nb4 12.dxe6 Bxe6 13.Nd4 Qc8 14.Nxe6 fxe6 15.O-O Qc5
16.Be2 a5 17.Kh1 e5 18.f3 Rac8 19.Nb5 Ne8 20.Rc3 Rf6 21.Qd2 Nc7 22.Rd1 h6
23.Qe1 Rd8 24.Qg1 Ne6 25.Qxc5 Nxc5 26.Kg1 Kf8 27.g3 Ke7 28.Bf1 Rdf8 29.Bg2 h5
30.Re3 g5 31.Re2 g4 32.f4 exf4 33.e5 dxe5 34.gxf4 e4 35.Bxe4 Re6 36.Rde1 Rxf4
37.Bd5 Rxe2 38.Rxe2+ Kd7 39.Re5 Nc2 40.Rxh5 Ne3 41.Rh7+ Kd8 42.Rh8+ Ke7 43.Rh7+ Kf8
44.Bg2 Nd3 45.Rd7 Ne1 46.Nd4 Rf6 47.Rd8+ Kg7 48.Rd7+ Kh6 49.Re7 N1xg2 50.Re6 Rxe6
51.Nxe6 Nh4 52.b3 Nhf5 53.Kf2 a4 54.bxa4 Nxc4 55.Nf4 Kg5 56.Nd5 Kh4 57.Kg1 Nfe3
58.Nc3 Nb2 59.Kh1 Nbd1 60.Ne4 Nb2 61.Nc3 Ned1 62.Nd5 Nxa4 63.Kg2 Ndc3 64.Nf4 Kg5
65.Ne6+ Kf5 66.Nd4+ Ke4 67.Nc6 Kd5 68.Nb4+ Kc4 69.Nc2 Nd5 70.Kg3 Kd3 71.Na3 Ne3
72.Kf4 Nc3 73.Kg3 Nc4 74.Nxc4 Kxc4 75.Kxg4 b5 76.h4 Ne4 77.Kf4 b4 78.h5 Nf6
79.h6 b3 80.Kg5 b2 81.Kxf6 b1=Q 82.Kg7 Qb2+ 83.Kg8 Qb8+ 84.Kg7 Qe5+  0-1

[Event "Stare Mesto Open 2013"]
[Site "Stare Mesto CZE"]
[Date "2013.08.16"]
[Round "9.7"]
[White "Zpevak,P"]
[Black "Chudinovskikh,A"]
[Result "1-0"]
[WhiteElo "2386"]
[BlackElo "2299"]

1.d4 Nf6 2.Nf3 e6 3.c4 Bb4+ 4.Bd2 Be7 5.Nc3 d5 6.Qc2 c5 7.cxd5 cxd4 8.Nxd4 exd5
9.g3 Nc6 10.Nxc6 bxc6 11.Bg2 O-O 12.O-O Bg4 13.Bg5 h6 14.Bxf6 Bxf6 15.Na4 Rb8
16.Rac1 Re8 17.Rfe1 Re6 18.Nc5 Re7 19.Nd3 Rb6 20.b4 Qe8 21.Bf1 Bf5 22.a3 d4
23.Bg2 Bxd3 24.Qxd3 Re5 25.Rc4 Re6 26.Bf3 g6 27.Rec1 Kg7 28.R1c2 h5 29.h4 Rd6
30.Kg2 Re6 31.Rc5 Rd6 32.Rc1 Qe6 33.Kg1 Qd7 34.Be4 Qe6 35.R5c4 Qd7 36.Bg2 Qe6
37.a4 Rb8 38.Bxc6 Qe7 39.b5 Qd8 40.Be4 Qa5 41.Rc7 Bd8 42.R7c4 Bf6 43.Bxg6 fxg6
44.Rc7+ Kh6 45.Qe4 Qd2 46.R1c2 Qb4 47.Qf4+ g5 48.hxg5+ Kg6 49.Qe4+ Kxg5 50.R2c5+  1-0

[Event "4th Royal Residence Cup"]
[Site "Zhovkva UKR"]
[Date "2013.08.17"]
[Round "3.2"]
[White "Enkhnar,E"]
[Black "Doluhanova,E"]
[Result "1/2-1/2"]
[WhiteElo "2235"]
[BlackElo "2296"]

1.Nf3 Nf6 2.c4 e6 3.d4 Bb4+ 4.Bd2 Qe7 5.a3 Bxd2+ 6.Qxd2 O-O 7.Nc3 d6 8.g3 e5
9.Bg2 Nc6 10.Nd5 Nxd5 11.cxd5 Nxd4 12.Nxd4 exd4 13.Qxd4 Bd7 14.Rc1 Bb5 15.Rc2 Qd7
16.O-O Rfe8 17.Rfc1 Rxe2 18.Rxc7 Re1+ 19.Rxe1 Qxc7  1/2-1/2

[Event "28th Schwarzacher Open"]
[Site "Schwarzach AUT"]
[Date "2013.08.18"]
[Round "2.9"]
[White "Binder,Mo"]
[Black "Danner,G"]
[Result "1-0"]
[WhiteElo "2004"]
[BlackElo "2320"]

1.d4 Nf6 2.c4 e6 3.Nf3 Bb4+ 4.Bd2 Qe7 5.Nc3 O-O 6.e3 d6 7.a3 Bxc3 8.Bxc3 Ne4
9.Qc2 f5 10.Bd3 Nxc3 11.Qxc3 Nd7 12.O-O e5 13.Nd2 e4 14.Bc2 Nf6 15.f3 c6
16.fxe4 fxe4 17.Qb4 a5 18.Qb3 d5 19.cxd5 cxd5 20.Nxe4 Be6 21.Nxf6+ Rxf6 22.Rxf6 Qxf6
23.Rf1 Qe7 24.e4 dxe4 25.Qe3 Bd5 26.Rf5 Rd8 27.Re5 Qf6 28.Bxe4 Bxe4 29.Rxe4 Rf8
30.h3 h6 31.Re5 Qb6 32.Re8 Rxe8 33.Qxe8+ Kh7 34.Qe4+ Kg8 35.Qd5+ Kh7 36.b3 Qf6
37.Qe4+ Kg8 38.a4 Qb6 39.Qd5+ Kh7 40.Kh2 Qb4 41.Qc4 Qd6+ 42.Kh1 Kg6 43.Qd3+ Kf6
44.Qf3+ Ke6 45.Qxb7 Qxd4 46.Qb6+ Qd6 47.Qxa5 Qd1+ 48.Kh2 Qxb3 49.Qa6+ Kf7
50.Qa7+ Kg6 51.a5 Qc3 52.Qb6+ Kf5 53.Qf2+ Ke6 54.a6 Qc7+ 55.Qg3 Qa7 56.Qb3+ Kf6
57.Qb7 Qd4 58.Qb8  1-0

[Event "3rd Isthmia Open"]
[Site "Vrachati GRE"]
[Date "2013.08.18"]
[Round "1.4"]
[White "Stamos,F"]
[Black "Kotronias,V"]
[Result "0-1"]
[WhiteElo "2048"]
[BlackElo "2578"]

1.d4 Nf6 2.Nf3 e6 3.c4 Bb4+ 4.Bd2 Bxd2+ 5.Qxd2 b6 6.Nc3 Bb7 7.e3 O-O 8.Be2 d6
9.O-O Nbd7 10.Rfd1 Qe7 11.Rac1 Rad8 12.Qc2 c5 13.dxc5 bxc5 14.Nb5 Nb8 15.Nd2 Nc6
16.Bf3 a6 17.Nc3 Nd7 18.g3 Nde5 19.Bg2 Nb4 20.Qa4 Bxg2 21.Kxg2 Qb7+ 22.Kg1 Nbd3
23.Rb1 Nxf2 24.Kxf2 Ng4+ 25.Kg1 Nxe3 26.Nde4 Nxd1 27.Rxd1 f5 28.Ng5 Qxb2
29.Nxe6 Qxc3 30.Nxf8 Qe3+ 31.Kg2 Qe4+ 32.Kg1 Rxf8 33.Rxd6 Qe3+ 34.Kg2 f4
35.gxf4 Qe2+ 36.Kg1 Qe1+ 37.Kg2 Qe4+ 38.Kg1 Rb8 39.Rd1 Qxf4 40.Qc2 Qg4+ 41.Kh1 Qf3+
42.Kg1 Rb6 43.h3 Rg6+ 44.Kh2 Qg3+  0-1

[Event "12th Lichtenberger Sommer"]
[Site "Berlin GER"]
[Date "2013.08.21"]
[Round "5.5"]
[White "Stern,R"]
[Black "Ross,C"]
[Result "1-0"]
[WhiteElo "2504"]
[BlackElo "2240"]

1.d4 e6 2.c4 Nf6 3.Nf3 Bb4+ 4.Bd2 Qe7 5.Nc3 Bxc3 6.Bxc3 Ne4 7.Qc2 f5 8.g3 Nxc3
9.Qxc3 b6 10.Bg2 Bb7 11.O-O O-O 12.Rac1 d6 13.c5 Bd5 14.cxd6 cxd6 15.Ne1 Bxg2
16.Nxg2 Re8 17.Qa3 a6 18.Qf3 Ra7 19.d5 Nd7 20.a3 Qf6 21.dxe6 Qxe6 22.Nf4 Qf7
23.Rfd1 Ne5 24.Qd5 Qxd5 25.Rxd5 Rd7 26.h4 g6 27.Rd2 Kf7 28.b3 Rb8 29.Rcd1 Ke7
30.a4 b5 31.a5 Nc6 32.Nd5+ Kf7 33.Nf6 Re7 34.Nxh7 Nxa5 35.Ng5+ Kg7 36.Rxd6 Nxb3
37.Ne6+ Kh7 38.Rxa6 b4 39.Kg2 Reb7 40.Ng5+ Kg7 41.Ne6+ Kh8 42.Nf4 Nc5 43.Rc6 Nd7
44.Nxg6+ Kg7 45.Ne7  1-0

[Event "TCh-POR Div1 Final 2013"]
[Site "Matosinhos POR"]
[Date "2013.08.21"]
[Round "5.2"]
[White "Silva,Fl"]
[Black "Cross,D"]
[Result "1-0"]
[WhiteElo "1930"]
[BlackElo "1952"]

1.d4 Nf6 2.c4 e6 3.Nf3 Bb4+ 4.Bd2 c5 5.Bxb4 cxb4 6.g3 O-O 7.Bg2 d6 8.O-O Re8
9.Qb3 a5 10.a3 Na6 11.Rd1 Qc7 12.axb4 Nxb4 13.Na3 Bd7 14.Rac1 Rac8 15.h3 b6
16.Ne1 Qb8 17.Nd3 Nxd3 18.Rxd3 e5 19.dxe5 dxe5 20.Rcd1 Bc6 21.Bxc6 Rxc6 22.Nb5 e4
23.Rd6 Rxd6 24.Nxd6 a4 25.Qxa4 Rd8 26.Nb5 Rxd1+ 27.Qxd1 e3 28.Qd4 exf2+ 29.Qxf2 h6
30.Qf4 Qc8 31.Kh2 Qe6 32.Nc3 g5 33.Qd4 Kh7 34.Qd3+ Kg7 35.Nd5 Nd7 36.Qe3 Qf5
37.Qd4+ Kf8  1-0

[Event "3rd Isthmia Open"]
[Site "Vrachati GRE"]
[Date "2013.08.23"]
[Round "7.16"]
[White "Stathopoulos,I"]
[Black "Tsolakidou,Stavroula"]
[Result "0-1"]
[WhiteElo "2248"]
[BlackElo "1986"]

1.d4 Nf6 2.c4 e6 3.Nf3 Bb4+ 4.Bd2 a5 5.g3 d6 6.Bg2 Nbd7 7.O-O e5 8.e3 c6
9.Ne1 Qe7 10.Bc1 Bxe1 11.Rxe1 e4 12.b3 h5 13.Nc3 Nf8 14.f3 h4 15.fxe4 Ng4
16.Ba3 Nxh2 17.Kxh2 hxg3+ 18.Kg1 Qh4 19.Qf3 Bg4 20.Qf4 Ng6 21.Qxd6 Qh2+ 22.Kf1 Bf3  0-1

[Event "TCh-ESP CECLUB 5th-12th 2013"]
[Site "Linares ESP"]
[Date "2013.08.24"]
[Round "1.3"]
[White "Fernandez Fernandez,JuanC"]
[Black "Perez Suchan,Saul Mario"]
[Result "1-0"]
[WhiteElo "2092"]
[BlackElo "1649"]

1.d4 Nf6 2.c4 e6 3.Nf3 Bb4+ 4.Bd2 c5 5.e3 Bxd2+ 6.Qxd2 cxd4 7.exd4 d5 8.Nc3 O-O
9.Be2 Nc6 10.O-O Re8 11.Rfd1 b6 12.cxd5 exd5 13.Bb5 Bb7 14.Rac1 Rc8 15.Re1 Ne4
16.Qd1 Nxc3 17.Rxe8+ Qxe8 18.Rxc3 Qd8 19.h3 h6 20.a3 a6 21.Ba4 b5 22.Bc2 b4
23.Re3 bxa3 24.bxa3 Qf6 25.Qd2 g5 26.Rb3 Rb8 27.Qd3 Bc8 28.Rxb8 Nxb8 29.Ne5 Nc6
30.Qh7+ Kf8 31.Nf3 Ne7 32.Qd3 Bf5 33.Qc3 Bxc2 34.Qxc2 Qc6 35.Qb2 f6 36.g3 Qb5
37.Qc2 Kg7 38.Nh2 Qc4 39.Qd1 Nf5 40.Nf3 Qc3 41.a4 a5 42.Kg2 Kf7 43.Qb1 Ke6
44.Qb6+ Nd6 45.g4 Qb4 46.Qc6 Qb7 47.Qc2 Ne4 48.Ne1 Qb4 49.Qc8+ Ke7 50.Qc7+ Ke6
51.Qc6+ Nd6 52.Nf3 Qc4 53.Qa8 Qxa4 54.Qg8+ Nf7 55.Qg6 Qd7 56.Ne1 Qe7 57.Nd3 Kd6
58.Nc5 Kc6 59.Qf5 Nd6 60.Qd3 Nc4 61.Qb3 Nb6 62.Qc3 Kd6 63.Qxa5 Qc7 64.Qb4 Ke7
65.Ne6+ Qd6 66.Nc5 Qc7 67.Qb3 Qa7 68.Qf3 Kf8  1-0

[Event "15th Sants Open 2013"]
[Site "Barcelona ESP"]
[Date "2013.08.25"]
[Round "3.11"]
[White "Esen,B"]
[Black "Espinoza Palomino,W"]
[Result "1-0"]
[WhiteElo "2559"]
[BlackElo "2363"]

1.d4 Nf6 2.Nf3 e6 3.c4 Bb4+ 4.Bd2 Bxd2+ 5.Qxd2 d5 6.g3 O-O 7.Bg2 Qe7 8.O-O Rd8
9.Qc2 Nc6 10.Rd1 Nb4 11.Qc1 c5 12.dxc5 Qxc5 13.cxd5 Qxc1 14.Rxc1 Nfxd5 15.Nc3 f6
16.Nxd5 Nxd5 17.Rd1 Bd7 18.Nd4 Rac8 19.Bxd5 exd5 20.Rd3 Kf7 21.Rad1 Ba4 22.R1d2 a6
23.f3 g6 24.Ra3 Bd7 25.Rb3 Rc7 26.Rb6 Bc8 27.Kf2 Ke7 28.Rd3 Rd6 29.Re3+ Kd7
30.Rbb3 Kd8 31.g4 Rc4 32.Rbd3 Bd7 33.Rd2 Bc8 34.h4 Rc7 35.g5 Re7 36.Red3 fxg5
37.hxg5 b6 38.Rd1 Bb7 39.Rh1 Rf7 40.Re3 Bc8 41.Kg3 Bf5 42.Rc1 Bd7 43.Rec3 Re7
44.Rc7 b5  1-0

[Event "e2e4 Coventry Open"]
[Site "Coventry ENG"]
[Date "2013.08.25"]
[Round "5"]
[White "Fernandez,Dan SIN"]
[Black "Thomas,Ni"]
[Result "1-0"]
[WhiteElo "2350"]
[BlackElo "2299"]

1.d4 e6 2.c4 Nf6 3.Nf3 Bb4+ 4.Bd2 Qe7 5.Qc2 Bxd2+ 6.Nbxd2 d6 7.e3 a5 8.g3 Nbd7
9.Bg2 O-O 10.O-O Re8 11.Rac1 e5 12.dxe5 dxe5 13.c5 Nb8 14.Ng5 Nc6 15.Nge4 Nb4
16.Nxf6+ Qxf6 17.Qa4 Qe7 18.a3 Rd8 19.axb4 Rxd2 20.Qa3 Bg4 21.bxa5 Be2 22.Bxb7 Rad8
23.a6 c6 24.Bxc6 Qe6 25.Qa4 Rxb2 26.a7 Ra2 27.Qh4 Rc8 28.a8=Q Raxa8 29.Bxa8 Bxf1
30.Be4 f5 31.Kxf1 fxe4 32.Qxe4 Qc6 33.Qxc6 Rxc6 34.Ke2 e4 35.Rc4 Kf7 36.h4 Kf6
37.Rxe4 Rxc5 38.Kf3 Rc2 39.g4 h6 40.Rf4+ Ke6 41.h5 Rc5 42.Kg3 Rc3 43.Kf3 Rc5
44.Kg3 Rc3 45.Rf5 Rb3 46.Kf4 Rb2 47.f3 Rh2 48.Kg3 Re2 49.Kf4 Rh2 50.Kg3 Re2
51.e4 Rb2 52.g5 hxg5 53.Rxg5 Kf6 54.Rf5+ Ke7 55.Kf4 Rh2 56.Ra5 Kf6 57.Ra6+ Kf7
58.Kg5 Rg2+ 59.Kf5 Rh2 60.Ra7+ Kg8 61.Kg5 Rh1 62.e5 Rg1+ 63.Kf5 Rh1 64.e6 Rxh5+
65.Kf4 Kf8 66.Rf7+ Kg8 67.Rf5 Rh1 68.e7 g5+ 69.Kxg5 Re1 70.Rf8+ Kh7 71.e8=R  1-0

[Event "2nd Paleros Open"]
[Site "Paleros GRE"]
[Date "2013.08.25"]
[Round "2.3"]
[White "Hatzigeorgiou,M"]
[Black "Goritsas,C"]
[Result "0-1"]
[WhiteElo "1849"]
[BlackElo "2277"]

1.d4 Nf6 2.c4 e6 3.Nf3 Bb4+ 4.Bd2 Qe7 5.a3 Bxd2+ 6.Nbxd2 d6 7.e3 e5 8.dxe5 dxe5
9.Qc2 O-O 10.Bd3 Nbd7 11.Ng5 g6 12.Nge4 Nxe4 13.Bxe4 f5 14.Bd5+ Kg7 15.Bf3 e4
16.Qc3+ Qe5 17.Qxe5+ Nxe5 18.Be2 Be6 19.Rc1 Rfd8 20.Nb3 Bf7 21.f4 exf3 22.gxf3 Nd3+
23.Bxd3 Rxd3 24.Nc5 Rxe3+ 25.Kf2 Re5 26.Nd3 Re7 27.f4 Rd8 28.Rhd1 Re4 29.b3 Red4
30.Ke3 Be8 31.h4 Re4+ 32.Kf2 Bc6 33.Rc3 Red4 34.Ke3 Be4 35.Rd2 Kf6 36.Ke2 h6
37.Rd1 Rxd3 38.Rcxd3 Rxd3 39.Rxd3 Bxd3+ 40.Kxd3 g5 41.fxg5+ hxg5 42.hxg5+ Kxg5
43.b4 Kg4 44.c5 Kf3 45.a4 f4 46.b5 b6 47.cxb6 cxb6 48.Kd4 Ke2 49.Kd5 f3 50.Kc6 f2
51.Kb7 f1=Q 52.Kxa7 Qa1 53.Kxb6 Qxa4 54.Kc5 Qa8 55.Kb6 Qb8+ 56.Kc6 Kd3 57.b6 Qc8+
58.Kb5 Kd4  0-1

[Event "11th Kesan Open"]
[Site "Edirne TUR"]
[Date "2013.08.29"]
[Round "5.3"]
[White "Erden,K"]
[Black "Delchev,A"]
[Result "0-1"]
[WhiteElo "2213"]
[BlackElo "2631"]

1.d4 Nf6 2.Nf3 e6 3.c4 Bb4+ 4.Bd2 a5 5.Nc3 b6 6.e3 Bb7 7.Bd3 d6 8.Qc2 Nbd7
9.e4 e5 10.d5 Bxc3 11.Bxc3 Nc5 12.Nd2 O-O 13.Be2 c6  0-1

[Event "78th ch-ESP 2013"]
[Site "Linares ESP"]
[Date "2013.08.30"]
[Round "2.9"]
[White "Quintin Navarro,A"]
[Black "Castellanos Rodriguez,R"]
[Result "0-1"]
[WhiteElo "2241"]
[BlackElo "2510"]

1.d4 Nf6 2.c4 e6 3.Nf3 Bb4+ 4.Bd2 a5 5.Nc3 b6 6.d5 O-O 7.g3 Ba6 8.b3 exd5
9.cxd5 Re8 10.a3 Bxc3 11.Bxc3 Bb7 12.Bg2 Bxd5 13.O-O c6 14.Nh4 Bxg2 15.Kxg2 Qe7
16.e3 Qe6 17.b4 d5 18.Kg1 Nbd7 19.bxa5 Ne4 20.Bb2 Rxa5 21.Qd4 f6 22.Rad1 Ne5
23.f3 Nc5 24.Ng2 Ra4 25.Qc3 Qf5 26.Nf4 Rc4 27.Qd2 Rc2 28.Qd4 Nb3 29.Qb4 Rxb2
30.e4 Qc8 31.Qc3 Nc4 32.Nd3 Ra2 33.Qxb3 Rxa3 34.Qb4 c5 35.Qb5 Ne3 36.Ra1 Rxa1
37.Rxa1 dxe4 38.fxe4 Qe6 39.Nf4 Qxe4 40.Ra7 Rd8 41.Rd7 Rxd7 42.Qxd7 h6 43.Kf2 Kh7
44.Ne6 Ng4+ 45.Kg1 Qe1+ 46.Kg2 Qe2+ 47.Kh3 Nf2+ 48.Kg2 Ne4+ 49.Kh3 Ng5+ 50.Nxg5+ hxg5
51.Qf5+ Kh6 52.Qc8  0-1

[Event "TCh-POL Ekstraliga 2013"]
[Site "Gorzow Wielkopolski POL"]
[Date "2013.08.31"]
[Round "5.2"]
[White "Orzech,D"]
[Black "Bartel,Mat"]
[Result "0-1"]
[WhiteElo "2371"]
[BlackElo "2619"]

1.Nf3 Nf6 2.c4 e6 3.d4 Bb4+ 4.Bd2 c5 5.Bxb4 cxb4 6.Nbd2 O-O 7.g3 b6 8.Bg2 Bb7
9.O-O d6 10.a3 bxa3 11.Rxa3 a5 12.e3 Nc6 13.Ne1 e5 14.Nc2 Qc7 15.d5 Nb4 16.Nxb4 axb4
17.Rxa8 Rxa8 18.Qb3 Qc5 19.Qd3 h6 20.Nb3 Qc7 21.Rc1 Nd7 22.Bf1 Nc5 23.Nxc5 Qxc5
24.Qd1 Bc8 25.Bd3 Bd7 26.Qc2 Kf8 27.Qd1 g6 28.Qc2 Kg7 29.Qd1 Ra5 30.h4 h5
31.Qc2 Ra2 32.Qb3 Ra8 33.Qc2 Ba4 34.Qd2 Bb3 35.Be2 Ra2 36.Bf1 e4 37.Bg2 f5
38.Bf1 Ra7 39.Be2 Kh7 40.Kh2 Ra2 41.Kg1 Kg8 42.Bf1 Kf7 43.Be2 Ke7 44.Bf1 Kd7
45.Be2 Kd8 46.Bf1 Kc7 47.Be2 Kb7 48.Bf1 Ra8 49.Qe1 Rc8 50.Ra1 Bxc4 51.Rc1 Qxd5
52.Qxb4 Bxf1 53.Rxf1 Rc4 54.Qb3 Qc6 55.Ra1 d5 56.Kg2 Rc5 57.Qb4 Qd7 58.Qd4 Rc4
59.Qh8 Rc8 60.Qe5 d4 61.exd4 Re8 62.Qf4 Qxd4 63.Rc1 Rc8 64.Rxc8 Kxc8 65.Qc1+ Kb7
66.Qc2 Qd5 67.Kg1 Qd3 68.Qc1 Qd4 69.Kg2 Qc5 70.Qd2 Kc6 71.Qg5 Qd6 72.Qc1+ Kb5
73.Qc3 Qd5 74.Kh2 Qc4 75.Qd2 Qd3 76.Qc1 Qd4 77.Kg2 Qd5 78.Qe3 Qd3 79.Qc1 Qd4
80.Qc2 Qd3 81.Qc1 Qf3+ 82.Kg1 e3  0-1

[Event "21st Honor to National Resistance"]
[Site "Nikaia GRE"]
[Date "2013.08.31"]
[Round "6.9"]
[White "Delithanasis,D"]
[Black "Tsolakidou,Stavroula"]
[Result "0-1"]
[WhiteElo "2114"]
[BlackElo "2073"]

1.d4 Nf6 2.c4 e6 3.Nf3 Bb4+ 4.Bd2 a5 5.a3 Bxd2+ 6.Qxd2 d6 7.Nc3 Nbd7 8.e3 e5
9.Bd3 c6 10.O-O Qe7 11.Qc2 O-O 12.Rad1 a4 13.Bf5 g6 14.Bh3 b5 15.d5 bxc4
16.e4 cxd5 17.Nxd5 Nxd5 18.Rxd5 Nf6 19.Rd2 Bxh3 20.gxh3 Rfc8 21.Rfd1 Rc6
22.Ne1 Rac8 23.Ng2 c3 24.bxc3 Rxc3 25.Qxa4 R3c4 26.Qa6 Nxe4 27.Rb2 Rc1 28.Rb1 R1c2
29.Qb7 Qxb7 30.Rxb7 Rxf2 31.Ne3 Re2 32.Rb3 f5 33.a4 f4 34.Nf1 Ra2 35.Rb4 Nf2
36.Rd2 Nxh3+ 37.Kg2 Rxd2+ 38.Nxd2 Rc2 39.Kxh3 Rxd2 40.Rb7 Ra2 41.Ra7 e4 42.Kg4 f3
43.Kg3 f2 44.Kg2 e3  0-1

[Event "12th Kesarovski Mem"]
[Site "Sunny Beach BUL"]
[Date "2013.08.31"]
[Round "1.18"]
[White "Zakharchenko,A"]
[Black "Pantev,V"]
[Result "0-1"]
[WhiteElo "2179"]
[BlackElo "2408"]

1.d4 Nf6 2.c4 e6 3.Nf3 Bb4+ 4.Bd2 c5 5.Nc3 cxd4 6.Nxd4 O-O 7.Qb3 Bc5 8.Nf3 Nc6
9.e3 d5 10.O-O-O Qe7 11.cxd5 exd5 12.Bd3 Be6 13.Qa4 Nb4 14.Bb1 a6 15.Nd4 b5
16.Qb3 Rfc8 17.a3 a5 18.axb4 Bxd4 19.exd4 axb4 20.Rhe1 bxc3 21.bxc3 b4  0-1

[Event "21st Honor to National Resistance"]
[Site "Nikaia GRE"]
[Date "2013.09.01"]
[Round "8.4"]
[White "Karagiannis,A"]
[Black "Goumas,G"]
[Result "1/2-1/2"]
[WhiteElo "2248"]
[BlackElo "2380"]

1.d4 Nf6 2.Nf3 e6 3.c4 Bb4+ 4.Bd2 a5 5.a3 Bxd2+ 6.Qxd2 O-O 7.Nc3 d6 8.g3 Nbd7
9.Bg2 e5 10.O-O exd4 11.Qxd4 Nc5 12.Rad1 a4 13.Ng5 Re8 14.Nge4 Nfxe4 15.Nxe4 Nxe4
16.Bxe4 Qe7 17.Bf3 Ra5 18.Rd2 Re5 19.Qa7 Qg5 20.Rd5 c6 21.Rxd6 Bh3 22.Rfd1 h5
23.Qd4 Kh7 24.Qd3+ Bf5 25.Qd2 Qxd2 26.R1xd2 Be6 27.R6d4 g6 28.e3 Rc5 29.Be2 Kg7
30.h4 Ra8 31.e4 Ra6 32.f4 Rb6 33.Kf2 Bg4 34.e5 Be6 35.Rd8 Bxc4 36.Rc2 Rd5
37.Rd6 Bxe2 38.Rxd5 cxd5 39.Kxe2 Rb3 40.Kf2 Kf8 41.Rc7 Rxb2+ 42.Ke3 Rb3+
43.Kd4 Rxa3 44.Rxb7 Rxg3 45.Kxd5 Rb3 46.Ra7 Rb4 47.e6 Rxf4 48.Ra8+ Ke7 49.Ra7+ Kf8
50.Ra8+ Ke7 51.Ra7+  1/2-1/2

[Event "TCh-ROU w 2013"]
[Site "Mamaia ROU"]
[Date "2013.09.04"]
[Round "5.4"]
[White "Foisor,M"]
[Black "Padurariu,I"]
[Result "1-0"]
[WhiteElo "2212"]
[BlackElo "2205"]

1.d4 Nf6 2.c4 e6 3.Nf3 Bb4+ 4.Bd2 Qe7 5.Qc2 Bxd2+ 6.Nbxd2 d6 7.e3 O-O 8.Bd3 e5
9.O-O Re8 10.Ng5 h6 11.Nge4 Nc6 12.d5 Nxe4 13.Bxe4 Nb4 14.Qc3 Na6 15.b4 f5
16.Bc2 Bd7 17.Nb3 c6 18.dxc6 bxc6 19.Rad1 Rab8 20.a3 Be6 21.Na5 Rb6 22.f4 e4
23.Ba4 Rc8 24.Rd2 c5 25.b5 Nb8 26.Rfd1 Bf7 27.Nc6 Nxc6 28.bxc6 Bh5 29.Rxd6 Bxd1
30.Rd7 Qf8 31.Rxd1 Rd8 32.Rd5 Rb1+ 33.Kf2 Qe7 34.Kg3 Rdb8 35.c7 Rc8 36.Rd7 Qf8
37.Qd2 Kh7 38.Rd8 Qf6 39.Rxc8 Rb2 40.Rh8+ Kxh8 41.Qd8+  1-0

[Event "TCh-ROU 2013"]
[Site "Mamaia ROU"]
[Date "2013.09.04"]
[Round "5.6"]
[White "Deac,Bogdan-Daniel"]
[Black "Toma,Ra"]
[Result "1-0"]
[WhiteElo "2224"]
[BlackElo "2222"]

1.d4 Nf6 2.c4 e6 3.Nf3 Bb4+ 4.Bd2 c5 5.Bxb4 cxb4 6.g3 O-O 7.Bg2 a5 8.O-O d6
9.a3 Na6 10.axb4 Nxb4 11.Nc3 b6 12.Ne1 d5 13.Nc2 Ba6 14.cxd5 Nbxd5 15.Qd2 Nxc3
16.bxc3 Rc8 17.Ra3 Qc7 18.Rb1 Rfd8 19.e4 e5 20.Ne3 exd4 21.cxd4 Qe7 22.Qa2 Nxe4
23.Nf5 Qg5 24.Bxe4 Rc1+ 25.Rxc1 Qxc1+ 26.Kg2 Qf1+ 27.Kf3 Qh1+ 28.Kf4 g5+
29.Ke5 Re8+ 30.Kf6 Re6+ 31.Qxe6  1-0